| 000 | 00988nam a22002297a 4500 | ||
|---|---|---|---|
| 005 | 20240530110554.0 | ||
| 008 | 160808s2013 ly f b 000 0 ara d | ||
| 017 |
_a2012/44 _bليبيا . دار الكتب الوطنية |
||
| 020 | _a9789959631350 | ||
| 040 | _aEG-CaGPL | ||
| 082 | 0 | 4 |
_221 _a953.0711\ _bر س |
| 100 | 0 | _aربيعة عبدالسلام احمد الدباشى | |
| 245 | 1 | 2 |
_aالسياسة الخارجية للاندلس فى عصر الخلافة الاموية و اثرها على الحياة الاقتصادية : _b316 - 422 هـ / 929 - 1031 م / _cاعداد ربيعة عبدالسلام احمد الدباشى |
| 250 | _aط. 1 | ||
| 260 |
_aبنغازى : _bجامعة الزاوية ، _c2013 . |
||
| 300 |
_a311 ص. ؛ _c24 سم . |
||
| 504 | _aشتمل على ارجاعات ببليوجرافية | ||
| 650 | 0 | 4 | _aالعرب فى اسبانيا |
| 650 | 0 | 4 | _aالامويون فى الاندلس |
| 651 | 0 | 4 | _aالاندلس |
| 942 |
_2ddc _cBK |
||
| 999 |
_c62530 _d62530 |
||